01016cam a22003734i 4500003000900000005001700009008004100026020001800067020001500085035002000100040003300120041001300153082001900166245003700185264006100222300005700283336002100340337002500361338002300386505003600409526001000445526001000455526001000465526001000475526000800485526000800493526000800501526000800509526000800517526000800525526000800533650005000541650005100591PE-LiUPU20250731173113.0190107s2017 mau r 000 0 heb d a9781683070733 a1683070739 a(Sirsi) a251305 aPE-LiUPUbspacPE-LiUPUerda1 ahebagrc04a220.44bC722014aThe complete Hebrew-Greek bible. 1aPeabody, Massachusetts :bHendrickson Publishers,c2017. axxxii, 687, xxix, 1264 páginas ;c22 centímetros atext2rdacontent aunmediated2rdamedia avolume2rdacarrier0 aThe complete Hebrew-Greek bible aSEG42 aSEG41 aSEG40 aSEG39 aP94 aP87 aP86 aP85 aP77 aP76 aP3504aBiblia.pNuevo TestamentoxVersiones.lGriego04aBibia.pAntiguo TestamentoxVersiones.lHebreo